Normal view
MARC view
Entry Personal Name
001 - CONTROL NUMBER
- control field: 5836
003 - CONTROL NUMBER IDENTIFIER
- control field: BD-RjUL
005 - DATE AND TIME OF LATEST TRANSACTION
- control field: 20221114115527.0
008 - FIXED-LENGTH DATA ELEMENTS
- fixed length control field: 221114|| aca||aabn | a|a d
040 ## - CATALOGING SOURCE
- Original cataloging agency: BD-RjUL
- Transcribing agency: BD-RjUL
100 ## - HEADING--PERSONAL NAME
- Personal name: Karim, A. H. M. Zehadul, Co- Supervisor
670 ## - SOURCE DATA FOUND
- Source citation: Work cat.: (BD-RjUL)80770: KHALIL, MD. IBRAHIM 4698, Coping Strategies of the Cyclone-Affected Farmers in Coastal Areas if Bangladesh :, 2012